| 000 | 01067nam a2200289 i 4500 | ||
|---|---|---|---|
| 003 | DO-SdBNP | ||
| 005 | 20260522085145.0 | ||
| 007 | ta | ||
| 008 | 130509s2012 dr ac 000 0 spa d | ||
| 040 |
_aDO-SdBNP _bspa _cBNPHU _erda |
||
| 041 | _aspa | ||
| 082 | 4 |
_a305.80097293 _bF825p _222 |
|
| 100 | 1 |
_aFranco, Franklín, _eautor _4aut. _934451 |
|
| 245 | 1 | 3 |
_aLa población dominicana : _brazas, clases, mestizaje y migraciones / _cFranklín Franco ; prólogo, Jesús Adolfo Becerril Valencia. |
| 250 | _aprimera edición | ||
| 264 | 4 |
_aSanto Domingo : _bEditora Universitaria-UASD, _c©2012. |
|
| 300 |
_a443 páginas : _bilustraciones, retratos ; _c23 cm. |
||
| 336 |
_atexto _btxt _2rdacontet |
||
| 337 |
_asin mediación _bn _2rdamedia |
||
| 338 |
_avolumen _bnc _2rdacarrier |
||
| 500 | _aIncluye referencias bibliográficas y notas al pie de las páginas | ||
| 504 | _aBibliografía : páginas 439-443 | ||
| 590 | _aInventariado, 2024/ YL | ||
| 700 | 1 |
_aBecerril Valencia, Jesús Adolfo, _eprologuista _4pr. _940379 |
|
| 910 | _aYLockward | ||
| 942 |
_2ddc _cLBS1 |
||
| 999 |
_c38468 _d38468 |
||